000
003260000a22001450004500
003
MACL
040
_a
MACL
090
_c
32250
_d
32248
100
_a
Pizzetti, Mariella
245
_a
The Macdonald Encyclopedia of Cacti
260
_b
Macdonald Illustrated
_c
1990
350
_a
791
650
_a
Plants
942
_c
BOOK
_k
580/PIZ
999
_c
31922
_d
31922